[Event "Croatia GCT"]
[Site "Zagreb"]
[Date "2019.06.26"]
[Round "1"]
[White "Anand, Viswanathan"]
[Black "Nepomniachtchi, Ian"]
[Result "0-1"]
[WhiteElo "2767"]
[BlackElo "2775"]
[Annotator "Mikhalchishin,A"]
[PlyCount "64"]
[EventDate "2019.06.26"]
[EventType "tourn"]
[EventRounds "11"]
[EventCountry "CRO"]
[EventCategory "22"]
[SourceTitle "CBM 191"]
[Source "ChessBase"]
[SourceDate "2019.08.31"]
[SourceVersion "1"]
[SourceVersionDate "2019.08.31"]
[SourceQuality "1"]

1. e4 e5 2. Nf3 Nc6 3. Bc4 Nf6 4. d3 h6 5. c3 d6 6. Nbd2 g5 {The sharp modern
flank treatment of Italian set ups. Modern chess developed really great value
of such attacks, especially in Shakhriyar Mamedyarov's games.} 7. h3 {Trying
to open the h-file.} ({Another way is} 7. Nf1 g4 8. N3d2 (8. Ng1 Na5 9. Bb5+
Bd7 10. Bxd7+ Qxd7 11. Ng3 d5 12. N1e2 O-O-O 13. Qc2 dxe4 14. dxe4 Nc4 15. b3
Nd6 16. f3 h5 17. Bg5 Qe6 18. O-O-O Be7 19. h4 gxh3 20. Rxh3 Rdg8 {with
balanced play, Rozentalis,E (2568)-Krishnater,K (2329) Irakleio GRE 2019}) 8...
Bg7 9. Ne3 h5 10. a4 Qe7 11. a5 a6 12. Ndf1 h4 13. Qb3 Rb8 14. Nd5 Nxd5 15.
exd5 Nd8 16. Bxa6 O-O 17. Bc4 Ra8 18. h3 gxh3 19. gxh3 f5 20. Qd1 e4 21. Kd2 $2
(21. Qe2 $16) 21... Nf7 {Black got serious counterplay, Andriasian,Z (2600)
-Caruana,F (2828) chess.com INT 2019.}) 7... Bg7 ({Too early was} 7... Nh5 8.
g3 Nf6 9. Nf1 Bg7 10. Ne3 Ne7 11. Bb3 c6 12. h4 g4 13. Nh2 h5 14. f3 d5 15.
fxg4 hxg4 16. O-O Be6 17. Nhxg4 Nh5 18. Qf3 Qd6 19. c4 dxe4 20. dxe4 O-O-O 21.
Rd1 Qc5 22. Rxd8+ Rxd8 23. Nf2 {Black got no real compensation, Dominguez
Perez,L (2739)-Mamedyarov,S (2801) Saint Louis USA 2018.}) 8. Bb3 ({Another
option was} 8. Nf1 O-O 9. Ng3 Ne7 10. Bb3 c6 11. h4 g4 12. Nh2 d5 13. h5 Be6
14. O-O Qd7 15. f4 gxf3 16. Qxf3 Kh7 17. Nf5 dxe4 18. dxe4 Nxf5 19. exf5 Bxb3
20. axb3 Qd5 {with great centralization, Rozentalis,E (2503)-Christiansen,J 
(2515) Gothenburg SWE 2018}) 8... O-O 9. Nf1 Ne7 10. h4 ({This flank activity
should rather be prepared:} 10. Ne3 Be6 11. h4 g4 12. Nh2 h5 13. f3 d5 14. fxg4
hxg4 15. Nhxg4 Nxg4 16. Nxg4 f5 17. Nh6+ Kh7 18. Qh5 Qe8 19. Qxe8 Raxe8 20.
Nxf5 Nxf5 21. exf5 Rxf5 22. Rf1 c6 23. Be3 {Once more , Black got no real
compensation for the pawn, Dominguez Perez,L (2739)-Mamedyarov,S (2801) Saint
Louis USA 2018.}) 10... g4 11. N3h2 d5 12. f3 $6 ({A risky strategy, much more
solid was} 12. Ng3 dxe4 13. Nxe4) 12... Ng6 ({It was possible to start a flank
operation immediately with} 12... gxf3 13. Qxf3 Ng6 14. g3 c5 15. exd5 e4 16.
dxe4 Ne5 17. Qe2 c4) 13. fxg4 ({Not bad was} 13. Nxg4 Nxg4 14. fxg4 dxe4 15.
dxe4) 13... Nxh4 14. g3 Ng6 15. Qe2 ({A very sympathic position for White
would have arisen after} 15. exd5 e4 16. d4 Ne7 17. g5 hxg5 18. Bxg5) 15... a5
16. Bc2 d4 17. g5 ({Not better was the exchange in the center with} 17. cxd4
exd4 18. g5 hxg5 19. Bxg5 a4) 17... hxg5 18. Bxg5 a4 19. c4 Qd6 20. Nd2 {[#]}
Ra6 $5 {The classical transfer of the rook.} ({Here was another good option:} 
20... a3 21. bxa3 Qxa3) 21. Rb1 ({Better was} 21. a3) 21... Nh7 $1 {Exchanging
the important bishop.Then, with the bishop pair, Black will fight for the
control on the king's flank.} 22. Qh5 Nxg5 23. Qxg5 Qe7 $1 {A very smart
decision to swap queens.} ({Better than the sharp and speculative line} 23...
f5 24. Nhf3 Ne7 25. Qh4 Qf6 26. Ng5 Bh6) 24. Qxe7 ({Or} 24. Qh5 Rd8 25. Nhf3
Nf8 26. Nh4 Rdd6) 24... Nxe7 25. Nhf3 f5 26. Bd1 ({Slightly better was} 26. c5
fxe4 27. dxe4 Bf6) 26... Bd7 27. Nh4 {[#]} Bh6 ({A good option was} 27... Rh6)
28. exf5 ({Preferable was} 28. Rf1) 28... Nxf5 29. Ne4 Be3 $1 30. Be2 Rh6 31.
Rh2 Bc6 32. Rg2 Nd6 0-1